Unscramble Europe Quiz Stats

 Plays Quiz not verified by Sporcle

Score 0/12 Timer 05:00
0 Plays Today
Scrambled Names Country % Correct
LaityItaly
98%
Cry pusCyprus
84.5%
Ya wornNorway
81.1%
Put or GalPortugal
74.7%
Gore bulu mox Luxembourg
73%
U near kinUkraine
72.2%
Rent ad helnsNetherlands
64.6%
Not green moMontenegro
61.9%
Nic Deal Iceland
61.4%
Love is an..Slovenia
53.8%
O Mind a ace Macedonia
51.6%
RomaniansSan Marino
46.9%

You're not logged in!

Compare scores with friends on all Sporcle quizzes.
OR
Log In

Show Comments

Extras

Top Quizzes Today


Score Distribution

Your Account Isn't Verified!

In order to create a playlist on Sporcle, you need to verify the email address you used during registration. Go to your Sporcle Settings to finish the process.

Report this User

Report this user for behavior that violates our Community Guidelines.

Details: